| 000 | 00812nas a2200265 4500 | ||
|---|---|---|---|
| 001 | BR2020000204 | ||
| 003 | BR-BrBNA | ||
| 005 | 20231205132040.0 | ||
| 007 | ta | ||
| 008 | 230509b bl.|||p| |||| 00| 00por d | ||
| 040 |
_aBR-BrBNA _bpor _cBiblioteca Nacional de Agricultura |
||
| 041 | _a(Pt) | ||
| 072 | _aP33; P35 | ||
| 100 | 1 | _aVeiga, M. da | |
| 100 | 1 | _aSpagnollo, E. | |
| 100 | 1 | _aMantovani, A. | |
| 245 | 1 | _aEvolução fertilidade do solo no oeste catarinense entre 1980 e 2016 | |
| 650 | _aANÁLISE DO SOLO | ||
| 650 | _aFERTILIDADE DO SOLO | ||
| 650 | _aMATÉRIA ORGÂNICA | ||
| 650 | _aSANTA CATARINA | ||
| 773 | 0 |
_tAgropecuária Catarinense (Brazil) _xISSN 0103-0779 _g(Sep-Dec 2019), v. 32(3) p. 78-83 _wBR2020000204 |
|
| 909 |
_a202311 _bLúcia _c55 _dLúcia Elande |
||
| 942 |
_2AGRIS _n0 _cANA |
||
| 999 |
_c258190 _d258190 |
||